000 00702nam a22002297a 4500
008 130618b xxu||||| |||| 00| 0 eng d
020 _a0-521-27514-5
024 _cavailable
037 _a188
_favailable
040 _aMBSTU Library
_dMBSTU Library
082 _222
_a428.2461 LYS
100 _aLynch, Tory
245 _aStudy Listening; understanding lectures and talks in english
260 _aNew York
_bCambridge University
_c1999
300 _a19 cm
_b92 page
_g19 cm
_f1
600 _a English Language
700 _aLynch,Tory
270 _aNew York
_bNew York
_dUSA
365 _b826.00
_d826.00
942 _2ddc
_cBK
999 _c487
_d487